000 01378nam a2200229Ia 4500
003 Ost
005 20260507075646.0
008 260507s9999||||xx |||||||||||||| ||und||
020 _a8717059660
040 _cfsecg
041 _aara
082 _a512
100 _aهارتلي، ب
_eمؤلف
245 0 _aالحلقات، الحلقيات والجبر الخطي /
_c ب هارتلي
260 _aالرياض:
_bجامعة الملك سعود,
_c1999
300 _a309 صفحة؛
_bإيضاحات ؛
_c24 سم
520 _aالحلقات والحلقيات- الحلقات الجزئية والتشكيلات والمثاليات- بناء حلقات جديدة- التحليل في الحلقات التامة- الحلقيات الخاصة- التفريق المباشر للحلقية مولدة نهائيا على حلقة تامة رئيسية- الحلقات الجزئية من الحلقيات الحرة- مبرهنات التفريق- مقارنة لا تعتمد على المصفوفات- تطبيقات على الزمر والمصفوفات- الزمرة المولدة نهائيا- التحويلات الخطية والمصفوفات والأشكال القانونية- حساب الاشكال القانونية.
653 _aالجبر
653 _aالرياضيات
700 _aت، هاوكس
_eمؤلف ثانوي
942 _cكتاب
999 _c45498
_d45498